| 000 | 00916nas a2200277 4500 | ||
|---|---|---|---|
| 001 | BR0904322 | ||
| 003 | BR-BrBNA | ||
| 005 | 20231205113308.0 | ||
| 007 | ta | ||
| 008 | 230509b bl.|||p| |||| 00| 00por d | ||
| 040 |
_aBR-BrBNA _bpor _cBiblioteca Nacional de Agricultura |
||
| 041 | _a(Pt) | ||
| 072 | _aL73 | ||
| 100 | 1 | _aBarros, L.A. | |
| 100 | 1 | _aMoraes Filho, J. | |
| 100 | 1 | _aOliveira, R.L. | |
| 245 | 1 | _aLarvas de nematóides de importância zoonótica encontradas em traíras (Hoplias malabaricus bloch, 1794)no município de Santo Antonio do Leverger, MT | |
| 650 | _aTRAÍRA | ||
| 650 | _aPEIXE DE ÁGUA DOCE | ||
| 650 | _aLARVA | ||
| 650 | _aZOONOSE | ||
| 650 | _aMATO GROSSO | ||
| 773 | 0 |
_tArquivo Brasileiro de Medicina Veterinária e Zootecnia (Brazil) _xISSN 0102-0935 _g(Apr 2007), v. 59(2) p. 533-535 _wBR0904322 |
|
| 909 |
_a202311 _bLúcia _c55 _dLúcia Elande |
||
| 942 |
_2AGRIS _n0 _cANA |
||
| 999 |
_c202963 _d202963 |
||